NFL QBs with 100 wins - Statistics

General Stats
  • This quiz has been taken 901 times
  • The average score is 10 of 16
Answer Stats
Hint Answer % Correct
200 Brady
99%
200 Manning
91%
113 Manning
91%
135 Brees
83%
199 Favre
81%
155 Marino
75%
102 Young
71%
101 Rivers
67%
162 Elway
65%
130 Roethlisberger
63%
105 Aikman
52%
105 Moon
48%
110 Kelly
41%
107 McNabb
33%
101 Bledsoe
25%
101 Krieg
7%
No matching quizzes found
Score Distribution
Percent of People with Each Score
Percentile by Number Answered
Your Score History
You have not taken this quiz